000 00845nas a2200289 4500
001 BR8503682
003 BR-BrBNA
005 20231205090304.0
007 ta
008 230509b bl.|||p| |||| 00| 00por d
040 _aBR-BrBNA
_bpor
_cBiblioteca Nacional de Agricultura
041 _a(Pt)
072 _aL72
100 1 _aCosta, A.J. da
100 1 _aRocha, U.F.
100 1 _aVidotto, O.
100 1 _aSalani, E.C.
245 1 _aEnsaio do "Cypermethrin" a 25, aplicado sobre a pele do dorso, no tratamento de caes naturalmente infestados com pulgas e carrapatos
650 _aCAO
650 _aCARRAPATO
650 _aACARO
650 _aPULGA
650 _aPELE
773 0 _tSemina (Brazil)
_xISSN 0101-3742
_g(Jan-Apr 1985), v. 6(1) p. 8-12
_wBR8503682
909 _a202311
_bLúcia
_c55
_dLúcia Elande
942 _2AGRIS
_n0
_cANA
999 _c117371
_d117371